Представление документа в формате MARC21

Поле Инд. ПП Название Значение
Тип записи a
Библиографический уровень m
001 Контрольный номер DU/518277664
005 Дата корректировки 20251128153641.9
020 a ISBN 9785238021867
084 a Индекс другой классификации/Индекс ББК 60.55-42я73; 65.291.6я73
090 a Полочн. индекс 60.55-42я73
x Авторский знак К 784
100 1_ a Автор Красовский Ю. Д.
q Полное имя Красовский Юрий Дмитриевич
245 10 a Заглавие Организационное поведение
b Продолж. заглавия учебное пособие для вузов
c Ответственность рецензенты С. А. Барков, А. И. Ковалева, В. А. Луков, Р. Б. Ноздрева; главный редактор Н. Д. Эриашвили
260 a Место издания Москва
b Издательство ЮНИТИ
c Дата издания 2015
300 a Объем 487 с.
336 a Термин вида содержания Текст
337 a Термин типа средства непосредственный
504 a Библиография Прил.: с. 433-463. - Рек. лит.: с. 467-467
521 0_ a Примеч. о целев. назн. студенты; преподаватели; менеджеры; руководители
541 1_ a Номер заявки 5257
b Заявитель Кузнецов Б.К.
c Факультет/Кафедра/Подразделение Кафедра управления проектами
d Дата заявки 29.11.2015
f Дисциплина Управление кадровой безопасностью
n Количество экземпляров 15
650 04 a Основная рубрика организационное поведение
a Основная рубрика социология
a Основная рубрика социология организаций
653 0_ a Ключевые слова внутрифирменная среда
a Ключевые слова групповое поведение
a Ключевые слова делегирование полномочий
a Ключевые слова деловое поведение
a Ключевые слова должности
a Ключевые слова должностное поведение
a Ключевые слова доминанта "задача-ответственность"
a Ключевые слова доминанта "стимулы-справедливость"
a Ключевые слова доминанты поведения
a Ключевые слова доминанты сознания
a Ключевые слова имидж
a Ключевые слова инновационное поведение
a Ключевые слова информационное пространство
a Ключевые слова карьера руководителя
a Ключевые слова коммуникативное поведение
a Ключевые слова коммуникации
a Ключевые слова контактное поведение
a Ключевые слова контроль
a Ключевые слова конфликты
a Ключевые слова координационное поведение
a Ключевые слова маркетинговая поведенческая среда
a Ключевые слова методология
a Ключевые слова организации
a Ключевые слова организационные возможности
a Ключевые слова организационные системы
a Ключевые слова оценка
a Ключевые слова поведенческие ресурсы
a Ключевые слова психологическое состояние
a Ключевые слова ролевые управленческие позиции
a Ключевые слова руководители
a Ключевые слова руководство
a Ключевые слова самоутверждение
a Ключевые слова сотрудничество в организации
a Ключевые слова социокультурный образ
a Ключевые слова статус руководителя
a Ключевые слова стратегии поведения
a Ключевые слова управление
a Ключевые слова управление предприятием
a Ключевые слова управленческие отношения
a Ключевые слова управленческие позиции
a Ключевые слова управленческие решения
a Ключевые слова управленческие ситуации
a Ключевые слова управленческий персонал
a Ключевые слова управленческий цикл
a Ключевые слова управляемость поведения
655 a Жанр/ форма (устаревшее) учебное пособие
700 12 a Автор Ноздрева Р. Б.
e Роль лиц рецензент
700 12 a Автор Луков В. А.
e Роль лиц рецензент
700 1_ a Автор Барков С. А.
e Роль лиц рецензент
700 1_ a Автор Ковалева А. И.
e Роль лиц рецензент
700 12 a Автор Эриашвили Н. Д.
e Роль лиц редактор
700 12 a Автор Галкина И. В.
e Роль лиц редактор
787 18 w Контрольный номер связываемой записи RU/IS/BASE/135102433
901 t Тип документа m
952 a Тип литературы для КСУ ВШ УИ
954 a Гриф 1.1
a Гриф 1.2.2.653
a Гриф 1.2.2